| 000 | 00356 a2200157 4500 | ||
|---|---|---|---|
| 001 | 149405 | ||
| 040 | _cEscola São Tomás de Aquino | ||
| 100 | _aMACHADO, Ana Maria | ||
| 240 | 1 | 0 |
_aPonto de vista _lpor |
| 245 | 1 | 0 | _aPonto de vista |
| 300 | _a37 | ||
| 362 | 0 | _a2006 | |
| 440 | 1 | _aMelhoramentos | |
| 697 | _a*LITERATURA INFANTO JUVENIL | ||
| 942 | _cBK | ||
| 999 |
_c149405 _d149405 |
||